R v SoS for Transport ex parte Blackett (Record no. 37800)
[ view plain ]
| 000 -LEADER | |
|---|---|
| fixed length control field | 01707cab a2200241 4500 |
| 001 - CONTROL NUMBER | |
| control field | ABS47229 |
| 008 - FIXED-LENGTH DATA ELEMENTS--GENERAL INFORMATION | |
| fixed length control field | 090401t1992 xxu||||| |||| 00| 0 eng d |
| 035 ## - SYSTEM CONTROL NUMBER | |
| System control number | (Sirsi) u61126 |
| 041 ## - LANGUAGE CODE | |
| Language code of text/sound track or separate title | eng |
| 245 ## - TITLE STATEMENT | |
| Title | R v SoS for Transport ex parte Blackett |
| 260 ## - PUBLICATION, DISTRIBUTION, ETC. | |
| Date of publication, distribution, etc. | 1992 |
| 350 ## - PRICE (NR) (BK AM CF MU VM SE) [OBSOLETE] | |
| Price | 0 |
| 490 ## - SERIES STATEMENT | |
| Series statement | Journal of Planning and Environment Law |
| Volume/sequential designation | 1992 JPL 1041-1043(2) |
| 520 ## - SUMMARY, ETC. | |
| Summary, etc. | QBD 15 November 1991. A compulsory purchase order was obtained by the SoS on the land in question, which was the site of the Battle of Naseby, for a trunk road. This was challenged by the applicants but was rejected. The SoS gave notice to treat on 24 May 1991 in relation to a plot of the land with reference number NN130824. The cpo was served on the owner of the land on 7 June 1989. The land was sold to the two trustees who are trustees of the Society for the Preservation of the Field of Battle of Naseby sometime in 1989. From September 1990 parcels of land one square foot in dimension and spread all over the area in question were sold to a number of purchasers including the applicant. On 25 October 1991 the SoS issued notices of entry. This was challenged on the grounds that the Notice to Treat on the two trustees was not proper service so far as the applicant was concerned because she was not served with a Notice on 24 May in respect of her square foot of land. The SoS had checked |
| 650 ## - SUBJECT ADDED ENTRY--TOPICAL TERM | |
| Topical term or geographic name entry element | BATTLEFIELD SITES |
| 650 ## - SUBJECT ADDED ENTRY--TOPICAL TERM | |
| Topical term or geographic name entry element | BATTLE OF NASEBY |
| 650 ## - SUBJECT ADDED ENTRY--TOPICAL TERM | |
| Topical term or geographic name entry element | COMPULSORY PURCHASE ACT 1965 S75 |
| 650 ## - SUBJECT ADDED ENTRY--TOPICAL TERM | |
| Topical term or geographic name entry element | NOTICE TO TREAT |
| 650 ## - SUBJECT ADDED ENTRY--TOPICAL TERM | |
| Topical term or geographic name entry element | PARCELS OF LAND |
| 690 ## - LOCAL SUBJECT ADDED ENTRY--TOPICAL TERM (OCLC, RLIN) | |
| Topical term or geographic name as entry element | ENVIRONMENTAL AND LAND CONSULTANCY-PLANNING AND DEVELOPMENT-COMPULSORY PURCHASE AND COMPENSATION |
| 942 ## - ADDED ENTRY ELEMENTS (KOHA) | |
| Suppress in OPAC | 0 |
| 948 ## - LOCAL PROCESSING INFORMATION (OCLC); SERIES PART DESIGNATOR (RLIN) | |
| c (OCLC) | 04/03/1997 |
| Withdrawn status | Lost status | Source of classification or shelving scheme | Damaged status | Not for loan | Home library | Current library | Shelving location | Date acquired | Total Checkouts | Full call number | Barcode | Date last seen | Copy number | Price effective from | Koha item type |
|---|---|---|---|---|---|---|---|---|---|---|---|---|---|---|---|
| Dewey Decimal Classification | London | London | Journal article | 14/09/1999 | ABS47229 | 61126-1001 | 06/08/2019 | 1 | 06/08/2019 | Law report |